Interactive computing microsoft office xp (Record no. 572702)
[ view plain ]
| 000 -LEADER | |
|---|---|
| fixed length control field | 00485nam a22001697a 4500 |
| 003 - CONTROL NUMBER IDENTIFIER | |
| control field | CEME |
| 005 - DATE AND TIME OF LATEST TRANSACTION | |
| control field | 20210628203222.0 |
| 008 - FIXED-LENGTH DATA ELEMENTS--GENERAL INFORMATION | |
| fixed length control field | 210120b xxu||||| |||| 00| 0 eng d |
| 020 ## - INTERNATIONAL STANDARD BOOK NUMBER | |
| International Standard Book Number | 0-07-247187-5 |
| 040 ## - CATALOGING SOURCE | |
| Transcribing agency | ceme |
| 082 ## - DEWEY DECIMAL CLASSIFICATION NUMBER | |
| Classification number | 005.3 INT |
| 100 ## - MAIN ENTRY--PERSONAL NAME | |
| Personal name | Laudon , Kenneth .C, Rosenblatt, Kenneth, Pickering , Robin |
| 9 (RLIN) | 64068 |
| 245 ## - TITLE STATEMENT | |
| Title | Interactive computing microsoft office xp |
| 260 ## - PUBLICATION, DISTRIBUTION, ETC. | |
| Place of publication, distribution, etc. | NEW YORK |
| Name of publisher, distributor, etc. | MCGRAW HILL |
| Date of publication, distribution, etc. | 2002 |
| 650 ## - SUBJECT ADDED ENTRY--TOPICAL TERM | |
| Topical term or geographic name entry element | MICROSOFT OFFICE XP |
| 9 (RLIN) | 62849 |
| 942 ## - ADDED ENTRY ELEMENTS (KOHA) | |
| Koha item type | Book |
| Source of classification or shelving scheme | |
| Withdrawn status | Lost status | Damaged status | Not for loan | Permanent Location | Current Location | Shelving location | Date acquired | Total Checkouts | Full call number | Barcode | Date last seen | Price effective from | Koha item type |
|---|---|---|---|---|---|---|---|---|---|---|---|---|---|
| College of Electrical & Mechanical Engineering (CEME) | College of Electrical & Mechanical Engineering (CEME) | General Stacks | 03/28/2017 | 005.3 INT | CEME-41121 | 06/28/2021 | 06/28/2021 | Book | |||||
| College of Electrical & Mechanical Engineering (CEME) | College of Electrical & Mechanical Engineering (CEME) | General Stacks | 03/28/2017 | 005.3 INT | CEME-41122 | 06/28/2021 | 06/28/2021 | Book |
